Southville International School and Colleges
Your cart is empty.
  • Cart
  • Lists
    Public lists Eva Luna New books Lux_list list_1
    Your lists Log in to create your own lists
  • Log in to your account
  • Your cookies
  • Search history
Southville International School and Colleges
  • Advanced search
  • Recent comments
  • Most popular
  • Libraries

Log in to your account

Log in with GOOGLE


If you do not have an external account, but do have a local account, you can still log in:

  1. Home
  2. MARC view: Random House Webster's dictionary /
Normal view MARC view ISBD view

Random House Webster's dictionary / (Record no. 337)

[ view plain ]
MARC details
000 -LEADER
fixed length control field 01235cam a22003374a 4500
001 - CONTROL NUMBER
control field 3574399
003 - CONTROL NUMBER IDENTIFIER
control field OSt
005 - DATE AND TIME OF LATEST TRANSACTION
control field 20140310181626.0
008 - FIXED-LENGTH DATA ELEMENTS--GENERAL INFORMATION
fixed length control field 990119s1999 nyua bd 000 0 eng
010 ## - LIBRARY OF CONGRESS CONTROL NUMBER
LC control number 99011296
020 ## - INTERNATIONAL STANDARD BOOK NUMBER
International Standard Book Number 0375407030
040 ## - CATALOGING SOURCE
Original cataloging agency DLC
Transcribing agency DLC
Modifying agency DLC
042 ## - AUTHENTICATION CODE
Authentication code pcc
050 00 - LIBRARY OF CONGRESS CALL NUMBER
Classification number PE 1628
Item number .R194 2001
082 00 - DEWEY DECIMAL CLASSIFICATION NUMBER
Classification number REF 423
Item number R15 2001
245 00 - TITLE STATEMENT
Title Random House Webster's dictionary /
246 30 - VARYING FORM OF TITLE
Title proper/short title Webster's dictionary
250 ## - EDITION STATEMENT
Edition statement Classic ed.
260 ## - PUBLICATION, DISTRIBUTION, ETC. (IMPRINT)
Place of publication, distribution, etc New York :
Name of publisher, distributor, etc Random House Publishing Group,
Date of publication, distribution, etc c2001.
300 ## - PHYSICAL DESCRIPTION
Extent xvi, 816 p., [24] p. of plates :
Other physical details ill.;
Dimensions 19 cm.
520 ## - SUMMARY, ETC.
Summary, etc 1. English language--dictionaries
521 ## - TARGET AUDIENCE NOTE
Target audience note
541 ## - IMMEDIATE SOURCE OF ACQUISITION NOTE
-- 1
562 ## - COPY AND VERSION IDENTIFICATION NOTE
Number of copies For circulation. 1 copy in the collection
650 #0 - SUBJECT ADDED ENTRY--TOPICAL TERM
Topical term or geographic name as entry element English language
General subdivision Dictionaries.
710 2# - ADDED ENTRY--CORPORATE NAME
Corporate name or jurisdiction name as entry element Random House (Firm)
856 42 - ELECTRONIC LOCATION AND ACCESS
Materials specified Publisher description
Uniform Resource Identifier <a href="http://www.loc.gov/catdir/description/random048/99011296.html">http://www.loc.gov/catdir/description/random048/99011296.html</a>
906 ## - LOCAL DATA ELEMENT F, LDF (RLIN)
a 7
b cbc
c orignew
d 1
e ocip
f 19
g y-gencatlg
942 ## - ADDED ENTRY ELEMENTS (KOHA)
Source of classification or shelving scheme Library of Congress Classification
Koha item type
Call number prefix
Holdings
Withdrawn status Lost status Source of classification or shelving scheme Damaged status Home library Current library Shelving location Date acquired Total Checkouts Full call number Barcode Date last seen Copy number Price effective from Koha item type
    Library of Congress Classification   Luxembourg Library Luxembourg Library Reference Section 02/09/2012   PE 1628 .R194 2001 18362 09/18/2015 1 10/03/2013 Books

Random House Webster's dictionary /

APA

Random House (Firm), . (2001). Random House Webster's dictionary. New York: Random House Publishing Group.

Chicago

Random House (Firm), . 2001. Random House Webster's dictionary. New York: Random House Publishing Group.

Harvard

Random House (Firm), . (2001). Random House Webster's dictionary. New York: Random House Publishing Group.

MLA

Random House (Firm), . Random House Webster's dictionary. New York: Random House Publishing Group. 2001.

  • Print
  • Cite
  • Add to your cart (remove)
  • Save record
    BIBTEX Dublin Core MARCXML MARC (non-Unicode/MARC-8) MARC (Unicode/UTF-8) MARC (Unicode/UTF-8, Standard) MODS (XML) RIS
  • More searches
    Search for this title in:
    Other Libraries (WorldCat) Other Databases (Google Scholar) Online Stores (Bookfinder.com) Open Library (openlibrary.org)

Exporting to Dublin Core...

SOUTHVILLE LIBRARY

Southville International School and Colleges Library

1281 Tropical Ave. Cor. Luxembourg St., BF Homes International, Las Pinas City

Tel. No. 8256374 / 252358 Loc. 117/146

Powered by Koha